| 000 | 00416nam a2200181Ia 4500 | ||
|---|---|---|---|
| 003 | LK-CoDNM | ||
| 005 | 20240912112511.0 | ||
| 008 | 010623t xxu||||| |||| 00| 1 eng d | ||
| 040 |
_aLK-CoDNM _dLK-CoDNM _eLK-CoDNM |
||
| 041 | _aeng | ||
| 080 |
_a6 _bO33 |
||
| 100 | _aLaw, John | ||
| 245 | _aThe Horoscope | ||
| 260 |
_bThacker spink _aCalcutta |
||
| 300 | _b327p. ; 25 cm | ||
| 650 | _aAstrology | ||
| 942 | _cBK | ||
| 999 |
_c136260 _d136260 |
||